000 00756cam a22002293a 4500
001 7386
003 PGUSA
005 20140828083144.0
008 050101s2005||||xxu|||||s|||||000 | eng d
040 _aPGUSA
_beng
042 _adc
050 4 _aPJ
100 1 _aPetrie, W. M. Flinders
_q(William Matthew Flinders),
_d1853-1942
245 1 0 _aEgyptian Tales, Translated from the Papyri :
_bFirst series, IVth to XIIth dynasty
_h[electronic resource] /
_cW. M. Flinders Petrie
260 _bProject Gutenberg,
_c2005
506 _aPublic domain in the USA.
516 _aElectronic text
653 _aEgyptian literature -- Translations into English
830 0 _aProject Gutenberg
_v7386
856 4 0 _uhttp://www.gutenberg.org/ebooks/7386
942 _cEB
999 _c236706
_d236706